Marriages of the deaf in America : an inquiry concerning the results of marriages of the deaf in America /

Hlavní autor: Fay, Edward Allen
Korporativní autor: Volta Bureau (Spojené státy americké)
Jazyk: Angličtina
Vydáno: Washington D. C. : Gibson Bros., 1898
Témata:
Fyzický popis: vii, 527 stran ; 24 cm
Knihy
Uloženo v:
LEADER 01691cam a22004337i 4500
001 001943399
003 CZ BrMZK
005 20250804155252.0
007 ta
008 250804s1898 xxu fr 001 0 eng d
020 |q (Vázáno) 
040 |a ABA007  |b cze  |d BOA001  |e rda 
072 7 |a 316.3  |x Globální společnosti. Sociální struktura. Sociální skupiny  |2 Konspekt  |9 18 
080 |a 316.344.6-056.263  |2 MRF 
080 |a 316.811.11-027.581  |2 MRF 
080 |a (73)  |2 MRF 
080 |a (048.8)  |2 MRF 
080 |a (083.41)  |2 MRF 
100 1 |a Fay, Edward Allen  |4 aut 
245 1 0 |a Marriages of the deaf in America :  |b an inquiry concerning the results of marriages of the deaf in America /  |c by Edward Allen Fay 
264 1 |a Washington D. C. :  |b Gibson Bros.,  |c 1898 
300 |a vii, 527 stran ;  |c 24 cm 
336 |a text  |b txt  |2 rdacontent 
337 |a bez média  |b n  |2 rdamedia 
338 |a svazek  |b nc  |2 rdacarrier 
500 |a Nad názvem: Published by Volta Bureau 
504 |a Obsahuje bibliografii, bibliografické odkazy a rejstřík 
561 |a Provenience: [ex libris] Aus der Bücherei Dr. Wilhelm Jerusalem, Professor an der Universität Wien, 1854-1923  |5 CZ-BrMZK 
650 0 7 |a neslyšící  |7 ph137297  |2 czenas 
650 0 7 |a manželství  |7 ph115224  |2 czenas 
651 7 |a Spojené státy americké  |7 ge128584  |2 czenas 
655 7 |a monografie  |7 fd132842  |2 czenas 
655 7 |a statistiky  |7 fd133589  |2 czenas 
710 2 |a Volta Bureau (Spojené státy americké)  |7 nlk20050166217  |4 isb 
910 |a BOA001  |b 2-0157.932 
990 |a BK 
993 |a Y 
991 |b 202508 
996 6 |b BC-2596785  |c 2-0157.932  |l MZK  |r Sklad / do 24 hodin  |n 0  |w 002014007  |u 000010  |a 1  |e BOA001  |j MZK50  |s P